On claim of a Lieutenant of Ordnance for additional pay and double rations for doing duty as Assistant Engineer on Delaware break water.

Bibliographic Details
Corporate Authors: United States. Congress. House. Committee on Claims, ProQuest (Firm)
Format: eBook
Language:English
Published: Washington : [publisher not identified], 1836.
Series:United States congressional serial set.
Subjects:
Online Access:Connect to the full text of this electronic book

MARC

Tag First Indicator Second Indicator Subfields
LEADER 00000cam a22000001a 4500
001 in00002819829
005 20190331185227.0
006 m o d
007 cr un mmmapmmp
008 081126s1836 dcu o f000 0 eng d
035 |a cis2004302590 
040 |a UMI  |c UMI  |d UtOrBLW 
043 |a n-us--- 
099 |a ProQuest Serial Set Number ASP021 Mil.aff.658 
110 1 |a United States.  |b Congress.  |b House.  |b Committee on Claims. 
245 1 0 |a On claim of a Lieutenant of Ordnance for additional pay and double rations for doing duty as Assistant Engineer on Delaware break water. 
246 1 |a Claim of lieutenant of ordnance for additional pay and double rations for doing duty as assistant engineer on Delaware breakwater 
264 1 |a Washington :  |b [publisher not identified],  |c 1836. 
300 |a 1 online resource. 
336 |a text  |b txt  |2 rdacontent 
337 |a computer  |b c  |2 rdamedia 
338 |a online resource  |b cr  |2 rdacarrier 
490 0 |a Mil.aff.658 
500 |a Record is based on bibliographic data in ProQuest U.S. Serial Set Digital Collection (last viewed Nov. 2008). Reuse except for individual research requires license from ProQuest, LLC. 
510 3 |a ProQuest U.S. Serial Set Digital Collection 
500 |a Electronic resource. 
650 0 |a Claims. 
650 0 |a Embankments. 
650 0 |a Military engineering. 
655 7 |a Electronic books.  |2 local 
710 2 |a ProQuest (Firm) 
830 0 |a United States congressional serial set. 
856 4 0 |u http://proxy.library.tamu.edu/login?url=http://congressional.proquest.com/congcomp/getdoc?SERIAL-SET-ID=ASP021+Mil.aff.658  |z Connect to the full text of this electronic book  |t 0 
999 |a MARS 
999 f f |s 63dd7971-f01c-3ca3-82ec-1e42979893df  |i 3b5f785f-2c54-3296-b0e1-cd9f9fbcf986  |t 0 
952 f f |a Texas A&M University  |b College Station  |c Electronic Resources  |d Available Online  |t 0  |e ProQuest Serial Set Number ASP021 Mil.aff.658  |h Other scheme 
998 f f |a ProQuest Serial Set Number ASP021 Mil.aff.658  |t 0  |l Available Online